000
00292 a2200145 4500
001
44917
020
_a
040
_c
Anchieta - Aquarius
240
1
0
_a
#O leão e o rato
_l
por
245
1
0
_a
#O leão e o rato
300
_a
16
362
0
_a
0
650
4
_a
Literatura infantil
942
_c
BK
999
_c
44917
_d
44917